Quan điểm của chủ nghĩa Mác - Lênin về công nghiệp hóa và vận dụng ở Việt Nam /

Đã lưu trong:
Sonraí Bibleagrafaíochta
Príomhúdar: Trần Thị Minh Tuyết.
Formáid: Bài viết
Teanga:Vietnamese
Ábhair:
Clibeanna: Cuir Clib Leis
Gan Chlibeanna, Bí ar an gcéad duine leis an taifead seo a chlibeáil!
Thư viện lưu trữ: Thư viện Trường Đại học Đà Lạt
LEADER 00950nam a2200265 4500
001 DLU210196466
005 ##20210527
040 # # |a DLU  |b vie 
041 # # |a vie 
044 # # |a vn 
100 # # |a Trần Thị Minh Tuyết. 
245 # # |a Quan điểm của chủ nghĩa Mác - Lênin về công nghiệp hóa và vận dụng ở Việt Nam /  |c Trần Thị Minh Tuyết. 
653 # # |a Đảng cộng sản Việt Nam  
653 # # |a Công nghiệp hóa 
653 # # |a Chủ nghĩa Mác - Lênin 
653 # # |a Tư tưởng Hồ Chí Minh  
773 # # |t Tạp chí Khoa học xã hội Việt Nam  |g Số 2, 2019, tr. 12-19 
920 # # |a Phòng Tạp chí -- Trung tâm Thông tin - Thư viện Trường Đại học Đà Lạt 
900 # # |a True 
911 # # |a Hoàng Thị Huyền 
925 # # |a G 
926 # # |a A 
927 # # |a BB 
980 # # |a Thư viện Trường Đại học Đà Lạt